000
00342nam a2200157Ia 4500
100
_a
Dechaumphai/Pramote
650
_a
Finite Element
942
_c
BK
366
_f
25
654
_a
metallurgy
245
_a
Finite element analysis with ANSYS workbench
260
_b
Narosa
_c
2018
082
_b
DEC
300
_a
272
546
_a
ENGLISH
999
_c
34041
_d
34041